000
00342pab a2200145 454500
008
180718b1987 xxu||||| |||| 00| 0 eng d
100
_a
Singh, Gurharpal
245
_a
Understanding the "Punjab problem"
260
_c
1987
300
_a
1268-77
362
_a
Dec.
650
_a
Punjab - Politics
773
_a
Asian Survey
909
_a
16840
999
_c
16840
_d
16840